Introductory statistics for business and economics (Record no. 25050)

MARC details
000 -LEADER
fixed length control field 00963nam a2200265 4500
001 - CONTROL NUMBER
control field 790299
005 - DATE AND TIME OF LATEST TRANSACTION
control field 19720626000000.0
008 - FIXED-LENGTH DATA ELEMENTS--GENERAL INFORMATION
fixed length control field 720614s1972 nyu 001 0 eng
010 ## - LIBRARY OF CONGRESS CONTROL NUMBER
LC control number 74037785
020 ## - INTERNATIONAL STANDARD BOOK NUMBER
International Standard Book Number 0471959723
040 ## - CATALOGING SOURCE
Original cataloging agency DLC
Transcribing agency DLC
Modifying agency DLC
050 00 - LIBRARY OF CONGRESS CALL NUMBER
Classification number HA29
Item number .W62 1990
082 00 - DEWEY DECIMAL CLASSIFICATION NUMBER
Classification number 519.5/02/4339
100 1# - MAIN ENTRY--PERSONAL NAME
Personal name Wonnacott, Thomas H.,
Dates associated with a name 1935-
245 10 - TITLE STATEMENT
Title Introductory statistics for business and economics
Statement of responsibility, etc [by] Thomas H. Wonnacott [and] Ronald J. Wonnacott.
250 ## - EDITION STATEMENT
Edition statement 44th ed.
260 ## - PUBLICATION, DISTRIBUTION, ETC. (IMPRINT)
Place of publication, distribution, etc New York,
Name of publisher, distributor, etc Wiley
Date of publication, distribution, etc 1990
300 ## - PHYSICAL DESCRIPTION
Extent xvi, 815 p.
Dimensions 24 cm.
500 ## - GENERAL NOTE
General note includes bibliographical references and index
650 #0 - SUBJECT ADDED ENTRY--TOPICAL TERM
Topical term or geographic name as entry element Statistics.
700 1# - ADDED ENTRY--PERSONAL NAME
Personal name Wonnacott, Ronald J.,
Relator term joint author.
906 ## - LOCAL DATA ELEMENT F, LDF (RLIN)
a 7
b cbc
c orignew
d 2
e ocip
f 19
g y-gencatlg
942 ## - ADDED ENTRY ELEMENTS (KOHA)
Source of classification or shelving scheme Library of Congress Classification
Item type Book
Holdings
Withdrawn status Lost status Source of classification or shelving scheme Damaged status Not for loan Collection code Home library Current library Shelving location Date acquired Source of acquisition Total Checkouts Full call number Barcode Date last borrowed Copy number Price effective from Koha item type
    Library of Congress Classification     Non-fiction Nakuru Campus Nakuru Campus General Circulation 15/12/2008 purchase 24 HA29.W62 1990 029951 16/01/2021 1 15/12/2008 Book